Vivir existiendo. Una nueva ética.

Saved in:
Bibliografiske detaljer
Hovedforfatter: Jullien, François (autor)
Andre forfattere: Mattoni, Silvio (traducción)
Format: Ukendt
Udgivet: Ciudad Autónoma de Buenos Aires, El Cuenco de Plata, 2018.
Udgivelse:1ª ed.
Serier:Teoría y Ensayo
Fag:
Tags: Tilføj Tag
Ingen Tags, Vær først til at tagge denne postø!

MARC

LEADER 00000 a2200000 4500
003 CL-VaPUC
005 20221024102456.0
008 221017t2018 ||||| |||| 00| 0 eng d
999 |c 436416  |d 436414 
020 |a 978-987-4489-06-7 
040 |c Pontificia Universidad Católica de Valparaíso 
082 |a 142.78 JUL 2018 
100 |a Jullien, François  |9 408555  |e autor 
245 |a Vivir existiendo.  |b Una nueva ética. 
250 |a 1ª ed. 
260 |a Ciudad Autónoma de Buenos Aires,  |b El Cuenco de Plata,  |c 2018. 
300 |a 252 páginas. 
490 |a Teoría y Ensayo 
583 |k GC  |c 20221017 
650 0 |9 347398  |a Existencia   |x Aspectos filosóficos  
650 0 |9 265698  |a Existencialismo  |x Filosofía francesa  
700 |a Mattoni, Silvio  |e traducción  |9 877678 
942 |2 ddc  |c BK 
952 |0 0  |1 0  |2 ddc  |4 0  |6 142_780000000000000_JUL_2018  |7 0  |8 A  |9 587222  |a BIBTEO  |b BIBTEO  |c GEN  |d 2022-10-13  |e 3  |g 14550.00  |i 5655155  |o 142.78 JUL 2018  |p 5655155  |r 2025-01-17  |t 1  |v 14550.00  |w 2022-10-13  |y BK  |k ICR